| 000 | 00792nam a2200241 a 4500 | ||
|---|---|---|---|
| 005 | 20231020063934.0 | ||
| 008 | 030320s2002 mx r 000 0 spa d | ||
| 020 | _a8433969579 | ||
| 035 | _aUPN01000123128 | ||
| 049 | _aCG | ||
| 050 | 4 |
_aPS3558 A6.7136 _bP5.38 2002 |
|
| 100 | 1 | _aHarrison, Kathryn | |
| 245 | 1 | 4 |
_aLos pies de la concubina / _cKathryn Harrison; tr. Encarna Castejón. |
| 250 | _a2a ed. | ||
| 260 |
_aBarcelona, Esp. : _bAnagrama, _c2002. |
||
| 300 | _a380 p. | ||
| 440 | 0 |
_aPanorama de narrativas ; _v497 |
|
| 534 |
_pTraducción de: _tThe Binding Chair or, A Visit from the Foot Emancipation Society Rendom House |
||
| 650 | 2 |
_aLiteratura estadounidense _ySiglo XX _95165 |
|
| 650 | 4 |
_aNovela estadounidense _ySiglo XX _916200 |
|
| 902 | _acps/MITM | ||
| 905 | _aLibro | ||
| 999 |
_c95309 _d95309 |
||